| 000 | 00989nam a22002537a 4500 | ||
|---|---|---|---|
| 003 | UA-OsUOA | ||
| 001 | 23042 | ||
| 007 | ta | ||
| 008 | 20040105b un ||||| |||| 00| 0 ukr d | ||
| 100 | _aБгактіведанта Свамі Прабгупада А. Ч. | ||
| 090 |
_a294.5 _bБ34 |
||
| 942 | _cBK | ||
| 040 |
_aUA-OsUOA _bukr _cUA-OsUOA _dUA-OsUOA |
||
| 245 |
_aШрі Ішопанішад: знання, яке наближає нас до Верховного Бога-Особи, Крішни _bз оригінальними санскритськими текстами, транслітерацією кирилицею, послівним перекладом, літературним перекладом та поясненням |
||
| 300 | _a116 с. | ||
| 955 | _a0 | ||
| 041 | _aukr | ||
| 080 | _a294.5 | ||
| 020 | _a0-89213-093-8 | ||
| 260 |
_aКиїв _bБгактіведанта Бук Траст _c1990 |
||
| 044 | _aUA | ||
| 650 | 7 | _2UDC | |
| 999 |
_c309278 _d309278 |
||